| 000 | 01180nam0a2200325 4500 | ||
|---|---|---|---|
| 001 | RU\NLR\bibl\1428621 | ||
| 005 | 20250615220937.0 | ||
| 010 |
_a978-5-17-061640-4 _bАСТ |
||
| 010 |
_a978-5-904454-02-9 _bЭтногенез _910000 |
||
| 021 |
_aRU _b2009-69022 _94272 |
||
| 035 | _a(NLR Aleph) 001420540 | ||
| 090 |
_a1339844 _c1339844 |
||
| 100 | _a20091022d2009 |||y0rusy50 ca | ||
| 101 | 0 | _arus | |
| 102 | _aRU | ||
| 105 | _ac ||||||||| | ||
| 200 | 1 |
_aДревний. Корпорация _eфантастическая сага _fСергей Тармашев |
|
| 210 |
_aМосква _cЭтногенез [и др.] _d2009 |
||
| 215 |
_a310, [1] с. _cпортр. _d21 |
||
| 311 | _aПродолж. фантаст. саги "Древний" | ||
| 488 | 0 |
_12001#$aДревний _1700#1$aТармашев$bС. С.$gСергей С$4070 _tДревний _aТармашев, Сергей С |
|
| 517 | 0 | _aКорпорация | |
| 686 | _aШ6(2=Р)8-445 | ||
| 700 | 1 |
_aТармашев _bС. С. _gСергей С _4070 |
|
| 801 | 0 |
_aRU _bNLR _c20091022 _gRCR |
|
| 801 | 1 |
_aRU _bNLR _c20091022 |
|
| 942 | _cBOOK | ||
| 980 | _aNB | ||